000 nam a22 a 4500
999 _c46056
_d46056
003 BLK
005 20230330144106.0
008 180408b bul|||||r ||||||| ||bul||
010 _aKNG00049859000
040 _aBLK
041 _aBUL
_cBUL
080 _aАнглийска литература
_b821.111
_x-31
_z821.111-31
100 1 _aЧейс, Джеймс Хадли
_eпърви автор
_9241644
139 _aЧейс, Джеймс Хадли
_bЧ 49
245 1 0 _aПодхлъзването
_bРоман
_cДжеймс Хадли Чейс; прев. Любен Попов.
257 _aGBR
260 _aВарна
_bДизайн
_c1992
300 _a168 с.
_c22 см
380 _aX
500 _aБез сведение за ориг. загл. - Офс. изд. - 25 000 тир.
653 _aкрими
700 1 _aПопов, Любен
_eпрев.
_9280606
852 _aЦб 171492
_bЦб
856 4 _qpdf
_i0.00
_ldisable
856 4 _qpdf
_i0.00
_ldisable
942 _cKNG
_n0
_02
_s1
944 _aCR
_c05.05.2005
_kЛюдмила_Стоянова
944 _aED
_c09.05.2005
999 _d46056